Rok wpisania polskich obiektów UNESCO! - Statystyki

Ogólne statystyki
  • Ten quiz został rozwiązany 23 razy
  • Średni wynik to 12 z 16
Statystyki odpowiedzi
Hint Odpowiedź % Poprawnych
Auschwitz-Birkenau. Niemiecki nazistowski obóz koncentracyjny i zagłady (1940–1945) 1979
89%
Drewniane kościoły południowej Małopolski – Binarowa, Blizne, Dębno, Haczów, Lipnica Murowana, Sękowa 2003
89%
Park Mużakowski 2004
89%
Stare miasto w Krakowie 1978
78%
Puszcza Białowieska 1979
78%
Zamek krzyżacki w Malborku 1997
78%
Średniowieczny zespół miejski Torunia 1997
78%
Krzemionkowski region pradziejowego górnictwa krzemienia pasiastego 2019
78%
Królewskie Kopalnie Soli w Wieliczce i Bochni 1978
67%
Stare Miasto w Warszawie 1980
67%
Stare Miasto w Zamościu 1992
67%
Kościoły Pokoju w Jaworze i Świdnicy 2001
67%
Hala Stulecia we Wrocławiu 2006
67%
Kopalnia rud ołowiu, srebra i cynku w Tarnowskich Górach oraz system gospodarowania wodami podziemnymi 2017
67%
Kalwaria Zebrzydowska: manierystyczny zespół architektoniczny i krajobrazowy oraz park pielgrzymkowy 1999
56%
Drewniane cerkwie w polskim i ukraińskim regionie Karpat 2013
44%
Nie znaleziono quizów pasujących do podanych kryteriów
Rozkład punktacji
Procent ludzi z każdym wynikiem
Percentyl według liczby udzielonych odpowiedzi
Twoja historia wyników
Nie rozwiązałeś tego quizu